Country Capital Quiz - Statistics

General Stats
  • This quiz has been taken 12 times
  • The average score is 11 of 15
Answer Stats
Question Answer % Correct
What is the capital of Lebanon? Beirut
100%
What is the capital of the United Arab Emirates? Abu Dhabi
83%
What is the Capital of Australia? Canberra
83%
What is the capital of Syria Damascus
83%
Which of these is not a European capital? Barcelona
75%
Which of these is not an Asian capital city? Colombo
75%
Tbilisi is the capital of which country? Georgia
75%
What is the capital of Laos? Vientiane
75%
What is the capital of Lithuania? Vilnius
75%
What is the capital of Belize? Belmopan
67%
Georgetown is the capital of which country? Guyana
67%
What is the capital of Vietnam Hanoi
67%
What is the capital of Tanzania Dodoma
58%
Nukualofa is the capital of which country? Tonga
50%
Which of these is not a North American capital? Toronto
50%
No matching quizzes found
Score Distribution
Percent of People with Each Score
Percentile by Number Answered
Your Score History
You have not taken this quiz